000 01565nam a2200265Ia 4500
999 _c40343
_d40343
001 6951
003 GE_BSU
005 20191024171003.0
008 181216s2012||||ge |||||||||||||| ||ge ||
020 _a9789941924019
040 _cGE_BSU
041 _ageo
080 _a376.2 მ-41
100 _aმარშარკი, მარკ
_95006
245 _aროგორ სწავლობენ ყრუ ბავშვები :
_bრა უნდა იცოდნენ მშობლებმა და მასწავლებლებმა. სახელმძღვ. /
_cმარკ მარშარკი, პიტერ ჰაუზერი ; რედ. : მანანა მიქაბერიძე, რუსუდან სულაკაური.
264 _aთბილისი :
_bქართული ბიოგრაფიული ცენტრი ;
_c2012.
300 _a156 გვ. ;
_bილ. ;
_c24 სმ.
653 _aროგორ სწავლობენ ყრუ ბავშვები
653 _aრა უნდა იცოდნენ მშობლებმა და მასწავლებლებმა
653 _aსახელმძღვანელო
700 _aჰაუზერი, პიტერ
_eავტორი
_95007
700 _a მიქაბერიძე, მანანა
_eრედაქტორი
_95008
700 _aსულაკაური, რუსუდან
_eრედაქტორი
_95009
942 _cBK
_2udc